Vista normal
Vista MARC
Entrada Topical Term
Número de registros utilizados en: 2
001 - CONTROL NUMBER
- control field: 6978
003 - CONTROL NUMBER IDENTIFIER
- control field: OSt
005 - DATE AND TIME OF LATEST TRANSACTION
- control field: 20200710100043.0
008 - FIXED-LENGTH DATA ELEMENTS
- fixed length control field: 200710|| aca||aabn | a|a d
040 ## - CATALOGING SOURCE
- Original cataloging agency: OSt
- Transcribing agency: OSt
150 ## - HEADING--TOPICAL TERM
- Topical term or geographic name entry element: Ensayos
- General subdivision: conferencias
670 ## - SOURCE DATA FOUND
- Source citation: Work cat.: (OSt): Giraldo Samper, Marcela, autor 6975, Reportaje a la economía colombiana /, 1993.